|
|
|
|
| LEADER |
01251nam a2200313 a 4500 |
| 001 |
36333 |
| 003 |
BD-DhAAL |
| 005 |
20191001143108.0 |
| 008 |
191001r20081977enka b 001 0 eng d |
| 999 |
|
|
|c 41474
|d 41474
|
| 010 |
|
|
|a 97034199
|
| 020 |
|
|
|a 9788126515844
|
| 020 |
|
|
|a 0632047755 (pb)
|
| 040 |
|
|
|a DLC
|c DLC
|d DLC
|d BD-DhAAL
|
| 050 |
0 |
0 |
|a TT497
|b .C66 1997
|
| 082 |
0 |
0 |
|a 687.04
|2 21
|
| 100 |
1 |
|
|a Cooklin, Gerry.
|9 35749
|
| 245 |
1 |
0 |
|a Garment technology for fashion designers /
|c Gerry Cooklin.
|
| 260 |
|
|
|a Oxford ;
|a Malden, MA :
|b Blackwell Publishing,
|c c1997 [reprinted 2008]
|
| 300 |
|
|
|a viii, 152 pages :
|b illustrations ;
|c 25 cm.
|
| 504 |
|
|
|a Includes bibliographical references (page [150]) and index.
|
| 526 |
|
|
|a SoAD
|
| 541 |
|
|
|a Zeenat Book Supply Limited
|e 36333
|
| 650 |
|
0 |
|a Clothing trade.
|9 35750
|
| 650 |
|
0 |
|a Tailoring
|x Pattern design.
|9 35751
|
| 650 |
|
0 |
|a Garment cutting.
|9 35752
|
| 852 |
|
|
|a School of Architecture and Design
|c General Stacks
|
| 942 |
|
|
|2 ddc
|c BK
|
| 952 |
|
|
|0 0
|1 0
|2 ddc
|4 0
|6 687_040000000000000_COO
|7 0
|9 66588
|a BRACUL
|b BRACUL
|c GEN
|d 2019-09-30
|e Zeenat Book Supply Limited
|g 1100.00
|l 1
|o 687.04 COO
|p 3010036333
|r 2025-04-22
|s 2025-04-15
|t 1
|v 1100.00
|w 2019-09-30
|y BK
|x Transferred from ARC to BRACUL on 28/12/2023
|